| 000 | 00604nam a2200253 a 4500 | ||
|---|---|---|---|
| 001 | nice12345678 | ||
| 003 | IN_TiNIC | ||
| 005 | 20260116012603.0 | ||
| 008 | 050524s1924 laha grp 000 0 urd | ||
| 020 |
_a _c100 |
||
| 082 | 0 | 0 |
_a297.2409 _bBAK |
| 100 | _aBakhsh, J Ali | ||
| 245 | _aKhilafat | ||
| 260 |
_aLahore _bPunjab Religious Booksociety _c1924 |
||
| 300 | _a22p | ||
| 500 | _aincludes index and biblioraphy | ||
| 505 | 2 | _aIndex | |
| 650 | _aCaliphate | ||
| 650 | _aPolemics-Christianity Vs islam | ||
| 700 | 1 | _aBakhsh, J Ali | |
| 902 | _bSRS | ||
| 942 | _cBK | ||
| 999 |
_c7560 _d7560 |
||